MARC

LEADER 00000nam a2200000Ii 4500
001 DIGMECD0061
003 NyNyDIG
008 140829s2012 sp ob 000 0 spa d
006 m o d
007 cr |||||||||||
035 |a (OCoLC)893890935 
040 |a DGITA  |b eng  |e rda  |e pn  |c DGITA 
020 |a 9788436952919  |q libro electrónico  |q pdf 
020 |a 843695291X  |q libro electrónico  |q pdf 
020 |z 9788436948974  |q CD-ROM 
020 |z 8436948971  |q CD-ROM 
024 7 |a 030-12-029-4  |q libro electrónico  |2 nipo 
050 1 4 |a LB2831.826.S7 eBook 
245 0 3 |a El liderazgo educativo :  |b los equipos directivos en centros de primaria, elementos básicos del éxito escolar /  |c dirección editorial del volumen... Mario Martín Bris ; coordinación: Carmen Castilla Elena ; autores: Manuel Álvarez Fernández, Carmen Castilla Elena, Carlos Hué García, Juan López Martínez, Manuel Lorenzo Delgado, Mario Martín Bris, Darío Pérez Bodeguero, Luis Pumares Puertas. 
246 3 0 |a Equipos directivos en centros de primaria, elementos básicos del éxito escolar 
264 1 |a [Madrid] :  |b Ministerio de Educación, Cultura y Deporte, Ediciones del Instituto de Formación del Profesorado, Investigación e Innovación Educativa,  |c 2012. 
264 3 |a [Madrid] :  |b Ministerio de Educación, Cultura y Deporte, Secretaría General Técnica, Subdirección General de Documentación y Publicaciones 
300 |a 1 online resource (222 pages). 
336 |a text  |b txt  |2 rdacontent 
337 |a computer  |b c  |2 rdamedia 
338 |a online resource  |b cr  |2 rdacarrier 
490 1 |a Conocimiento educativo. Aula permanente 
490 1 |a Innovación 
504 |a Includes bibliographical references. 
505 0 |a Los equipos directivos en los centros docentes : "otra dirección sí es posible" / Mario Martín Bris -- Dirección y liderazgo : posibilidades y límites / Manuel Lorenzo Delgado -- Dirección y éxito escolar : Una alternativa profesional a la dirección escolar / Manuel Álvarez -- La autonomía de los centros y sus relaciones en la administración educativa : el papel del equipo directivo / Juan López Martínez -- La autonomía de los centros como factor determiante del exito escolar / Darío Pérez Bodeguero -- Democracia y escuela : luces y sombras / Luis Pumares Puertas -- Competencias directivas y liderazgo emocional en los centros educativos / Carlos Hué García -- La gestión de la diversidad desde el equipo directivo de educación primaria / Carmen Castilla Elena. 
588 0 |a Online resource; title from ePub and PDF title page (Digitalia, viewed Aug. 29, 2014) 
650 0 |a Educational leadership. 
650 0 |a School administrators. 
650 0 |a Elementary school administration. 
655 0 |a Electronic books. 
700 1 |a Martín Bris, M.  |q (Mario),  |e editor,  |e author. 
700 1 |a Castilla Elena, Carmen,  |e author. 
700 1 |a Alvarez, Manuel  |q (Alvarez Fernández),  |e author. 
700 1 |a Hué García, Carlos,  |e author. 
700 1 |a Lopéz, Juan,  |d 1950  |e author. 
700 1 |a Lorenzo Delgado, Manuel,  |e author. 
700 1 |a Pérez Bodeguero, Darío,  |e author. 
700 1 |a Pumares Puertas, Luis,  |e author. 
791 2 |a Digitalia (Firm),  |e distributor. 
793 0 |g Digitalia eBook Collection:  |a Ministerio de Educación, Cultura y Deporte de España 
776 0 8 |i CD-ROM version:  |t Liderazgo educativo.  |d [Madrid] : Ministerio de Educación, Subdirección General de Documentación y Publicaciones, 2010  |z 9788436948974 
830 0 |a Conocimiento educativo.  |p Serie Aula permanente. 
830 0 |a Colección Innovación. 
856 4 0 |3 Digitalia Hispánica  |u https://www.digitaliapublishing.com/a/17823/ 
910 |a Premium Collection: 2014